Crecer en equipo: visión, personas y pasión (Registro nro. 3692)
[ vista simple ]
| 000 -Cabecera | |
|---|---|
| Campo de control de longitud fija | 00916nam a22003497a 4500 |
| 005 - Fecha y hora de la última transacción | |
| Campo de control | 20241118170534.0 |
| 008 - Elementos de longitud fija--Información general | |
| Campo de control de longitud fija | 150305b xxu||||| |||| 00| | spa d |
| 041 ## - Idioma | |
| Código de idioma | |
| 082 ## - Clasificación Decimal Dewey | |
| Número de clasificación | 658.3 SA161c |
| 100 ## - Entrada principal--Autor personal | |
| Nombre personal | Salas Mora, Abel |
| 9 (RLIN) | 5972 |
| 245 ## - Título propiamente dicho | |
| Título | Crecer en equipo: visión, personas y pasión |
| 250 ## - Edición | |
| Mención de edición | 1 ed. |
| 260 ## - Pie de imprenta | |
| Lugar de publicación, distribución, etc. | Costa Rica |
| Nombre del editor, distribuidor, etc. | A. F. Salas |
| Fecha de publicación, distribución, etc. | 2013 |
| 300 ## - Descripción física | |
| Extensión | 107 páginas |
| 650 ## - Materia general | |
| Temática (materia general) | ADMINISTRACION DE PERSONAL |
| 650 ## - Materia general | |
| Temática (materia general) | CRECER EN EQUIPO |
| 650 ## - Materia general | |
| Temática (materia general) | VISIÓN DEL EQUIPO |
| 650 ## - Materia general | |
| Temática (materia general) | VISIÓN DEL LÍDER |
| 650 ## - Materia general | |
| Temática (materia general) | TRABAJO EN EQUIPO |
| 650 ## - Materia general | |
| Temática (materia general) | INDUCCIÓN |
| 650 ## - Materia general | |
| Temática (materia general) | VALORES DEL EQUIPO |
| 650 ## - Materia general | |
| Temática (materia general) | COMPROMISO |
| 650 ## - Materia general | |
| Temática (materia general) | LIDERAZGO |
| 650 ## - Materia general | |
| Temática (materia general) | CÓDIGO DE HONOR |
| 650 ## - Materia general | |
| Temática (materia general) | CLIMA ORGANIZACIONAL |
| 650 ## - Materia general | |
| Temática (materia general) | LIDER |
| 650 ## - Materia general | |
| Temática (materia general) | VALORES |
| 650 ## - Materia general | |
| Temática (materia general) | VISION COMPARTIDA |
| 650 ## - Materia general | |
| Temática (materia general) | EL LÍDER DEL EQUIPO |
| 942 ## - Punto de acceso adicional KOHA | |
| Tipo de ítem KOHA | Libro |
| Fuente del sistema de clasificación o colocación | Dewey Decimal Classification |
| Signatura completa | Código de barras | Programa Académico | Tipo de ítem |
|---|---|---|---|
| 658.3 SA161c | 18818 | Libro |